LotR Fellowship Characters - Statistics

General Stats
  • This quiz has been taken 203 times
    199 since last reset
  • The average score is 9 of 9
Answer Stats
Picture Answer % Correct
Frodo
100%
Sam
99%
Gandalf
97%
Legolas
97%
Pippin
95%
Aragorn
94%
Merry
94%
Boromir
92%
Gimli
92%
No matching quizzes found
Score Distribution
Percent of People with Each Score
Percentile by Number Answered
Your Score History
You have not taken this quiz since the last reset